Вып. 4; Альфа-, бета- и гамма-спектроскопия

Dades bibliogràfiques
Parent link:Альфа-, бета- и гамма-спектроскопия: в 4 вып./ под ред. К. Зигбана. Вып. 4.— , 1969-
Idioma:rus
Publicat: 1969
Matèries:
Format: Llibre
KOHA link:https://koha.lib.tpu.ru/cgi-bin/koha/opac-detail.pl?biblionumber=32772

MARC

LEADER 00000nam2a2200000 4500
001 32772
005 20231101210120.0
035 |a (RuTPU)RU\TPU\book\33074 
035 |a BOOK00001163 
090 |a 32772 
100 |a 20011210d1969 k y0rusy50 ca 
101 1 |a rus  |c eng 
102 |a RU 
105 |a a z 001zy 
200 0 |a Вып. 4 
210 |d 1969 
215 |a 272 с.  |c черт. 
320 |a Библиогр. в конце глав. 
461 1 |0 (RuTPU)RU\TPU\book\16352  |t Альфа-, бета- и гамма-спектроскопия  |o в 4 вып.  |o пер. с англ.  |f под ред. К. Зигбана  |v Вып. 4  |d 1969-  
606 |a Спектроскопия ядерная  |2 stltpush  |3 (RuTPU)RU\TPU\subj\55817  |9 73775 
610 1 |a ядерная физика 
610 1 |a законы сохранения 
610 1 |a ядерный распад 
610 1 |a спектроскопия 
610 1 |a нейтрино 
610 1 |a нейтрино спиральное 
610 1 |a ядра 
610 1 |a распад 
610 1 |a излучение 
610 1 |a аннигиляция 
610 1 |a позитроний 
675 |a 539.143.43  |v 3 
801 0 |a RU  |b 63413507  |c 20011210  |g PSBO 
801 2 |a RU  |b 63413507  |c 20170913  |g PSBO 
900 |a Экспериментальные методы ядерной физики 
942 |c BK